MotoGP Circuits by Picture - Statistics

General Stats
  • This quiz has been taken 1,456 times
  • The average score is 8 of 12
Answer Stats
Picture Hint Answer % Correct
Many last corner controversies commited here Jerez
85%
Ducatis love this on a last lap battle Red Bull Ring
78%
Iconic Bride Bugatti
77%
The longest circuit on the calendar Silverstone
77%
Rossi's favourite corner TT Assen
77%
End of the fatest straight in MotoGP Mugello
70%
130R (Turn 15) Suzuka
65%
Turn 10 named after Marc Marquez Motorland Aragon
64%
Moto2 and 3 never raced here Laguna Seca
63%
The Seagull Incident Phillip Island
62%
The Waterfall Sachsenring
38%
Onto a long, fast 'straight' Circuit of The Americas
37%
No matching quizzes found
Score Distribution
Percent of People with Each Score
Percentile by Number Answered
Your Score History
You have not taken this quiz